|
|
|
|
| LEADER |
00000nas a2200000 4500 |
| 001 |
ssj0008211 |
| 003 |
WaSeSS |
| 005 |
20200512172242.0 |
| 006 |
m d |
| 007 |
cr n |
| 008 |
760325d19752004wiuqr p s 0 a0eng |
| 010 |
|
|
|a 76641507
|
| 016 |
7 |
|
|a 7703664
|2 DNLM
|
| 016 |
7 |
|
|a E06260000
|2 DNLM
|
| 016 |
7 |
|
|a 007850800
|2 Uk
|
| 022 |
|
|
|l 0361-4050
|y 0361-4050
|
| 035 |
|
|
|a (WaSeSS)ssj0008211
|
| 037 |
|
|
|b 18700 W. Bluemound Rd., P.O. Box 69
|
| 040 |
|
|
|a DLC
|b eng
|c DLC
|d NSD
|d OCL
|d DLC
|d RCS
|d AIP
|d NST
|d AIP
|d NST
|d AIP
|d NSD
|d NST
|d HUL
|d NST
|d DLC
|d NYG
|d EYM
|d IUL
|d NLM
|d OCLCQ
|d UPM
|d CNU
|d LVB
|d DLC
|d OCLCQ
|d UKMGB
|d OCLCO
|d OCLCF
|d OCLCO
|d OCLCQ
|d RDF
|d OCLCQ
|d OCLCO
|d OCLCA
|d WaSeSS
|
| 042 |
|
|
|a nsdp
|a pcc
|
| 043 |
|
|
|a n-us---
|
| 050 |
0 |
0 |
|a HD4932.N6
|b E43
|
| 060 |
0 |
0 |
|a W1
|b EM696T
|
| 082 |
0 |
4 |
|a 331.2/55/0973
|
| 210 |
0 |
|
|a Empl. benefits j.
|
| 222 |
|
0 |
|a Employee benefits journal
|
| 245 |
0 |
0 |
|a Employee benefits journal
|h [electronic resource].
|
| 246 |
1 |
3 |
|a International Foundation employee benefits journal
|f fall 1975-
|
| 260 |
|
|
|a [Brookfield, Wis.]
|b International Foundation of Employee Benefit Plans.
|
| 310 |
|
|
|a Four times a year
|
| 362 |
0 |
|
|a v. 1-29, no. 2; fall 1975-June 2004.
|
| 506 |
|
|
|a License restrictions may limit access.
|
| 580 |
|
|
|a Merged with: International Foundation of Employee Benefit Plans. Digest - International Foundation of Employee Benefit Plans; to become: Benefits & compensation digest.
|
| 650 |
|
0 |
|a Employee fringe benefits
|z United States
|v Periodicals.
|
| 650 |
|
0 |
|a Old age pensions
|z United States
|v Periodicals.
|
| 650 |
|
0 |
|a Employee fringe benefits
|v Periodicals.
|
| 650 |
|
2 |
|a Insurance, Health.
|
| 650 |
|
2 |
|a Legislation.
|
| 650 |
|
2 |
|a Pensions.
|
| 650 |
|
6 |
|a Avantages sociaux
|z États-Unis
|v Périodiques.
|
| 650 |
|
6 |
|a Pensions de vieillesse
|z États-Unis
|v Périodiques.
|
| 650 |
|
6 |
|a Avantages sociaux
|v Périodiques.
|
| 650 |
|
7 |
|a Employee fringe benefits.
|2 fast
|0 (OCoLC)fst00908971
|
| 650 |
|
7 |
|a Old age pensions.
|2 fast
|0 (OCoLC)fst01045349
|
| 651 |
|
7 |
|a United States.
|2 fast
|0 (OCoLC)fst01204155
|
| 655 |
|
0 |
|a Electronic journals.
|
| 710 |
2 |
|
|a International Foundation of Employee Benefit Plans.
|
| 785 |
1 |
7 |
|a International Foundation of Employee Benefit Plans.
|t Digest - International Foundation of Employee Benefit Plans
|x 0146-1141
|w (DLC)sc 77001257
|w (OCoLC)2860315
|
| 785 |
1 |
7 |
|t Benefits & compensation digest
|w (DLC) 2004214487
|w (OCoLC)55205788
|
| 850 |
|
|
|a AAP
|a AU
|a AzU
|a C
|a CStclU
|a CaOPAL
|a CoFS
|a CoU
|a DLC
|a ICarbS
|a INS
|a InLP
|a InU
|a MH-BA
|a MdU
|a MiDW
|a MiEM
|a MiU
|a MnU
|a MsU
|a N
|a NN
|a NNStJ
|a NSyU
|a NjP
|a NjR
|a OCU
|a OrCS
|a OrU
|a PU-W
|a UU
|a ViU
|a Wa
|a WyU
|
| 853 |
2 |
0 |
|8 1
|a v.
|b no.
|u 4
|v r
|i (year)
|j (month)
|w q
|x 03
|
| 856 |
4 |
0 |
|z Full text available from Research Library: 06/01/1998 to 06/30/2004
|u https://search.proquest.com/publication/37966
|
| 863 |
4 |
1 |
|8 1.1
|a <28>
|b <2>
|i <2003>
|j <06>
|